Detalles MARC
| 000 -LÍDER |
| Campo fijo de descripción fija |
00861nam a22002657a 4500 |
| 003 - IDENTIFICADOR DEL NÚMERO DE CONTROL |
| Campo de control |
BCEG |
| 005 - FECHA Y HORA DE LA ULTIMA TRANSACCIÓN |
| control field |
20260325153705.0 |
| 008 - ELEMENTOS DE LONGITUD FIJA -- INFORMACIÓN GENERAL |
| Campo fijo de descripción fija -- Información general |
260325s2018 mx|||||| |||| 00| 0 spa d |
| 020 ## - ISBN |
| Isbn |
9786075391359 |
| 040 ## - FUENTE DE CATALOGACIÓN |
| Agencia de catalogación original |
BCEG |
| Idioma de catalogación |
spa |
| Agencia que realiza la transcripción |
BCEG |
| 082 04 - NÚMERO DE CLASIFICACIÓN DECIMAL DEWEY |
| Número de clasificación |
M863.4 |
| Clave de autor-Numero de item |
C965f |
| 245 00 - TÍTULO PROPIAMENTE DICHO |
| Título |
Cuentos ferrocarrileros (1931-1941). |
| 260 ## - PUBLICACIÓN, DISTRIBUCIÓN, ETC. (PIE DE IMPRENTA) |
| Lugar de publicación, distribución, etc. |
México : |
| Nombre del editor, distribuidor, etc. |
Secretaría de Cultura : |
| -- |
Instituto Nacional de Antropología e Historia, |
| Fecha de publicación, distribución, etc. |
2018. |
| 300 ## - DESCRIPCIÓN FÍSICA |
| Extensión |
188 p. |
| Otros detalles físicos |
: il. |
| 490 ## - MENCIÓN DE SERIE |
| Mención de serie |
Colección Interdisciplina. Serie Enlace. |
| 504 ## - NOTA DE BIBLIOGRAFÍA, ETC. |
| Nota de bibliografía, etc |
Incluye bibliografía y glosario. |
| 541 ## - NOTA DE FUENTE INMEDIATA DE ADQUISICIÓN |
| Nota de fuente de adquisición |
Compra. |
| 650 14 - ASIENTO SECUNDARIO DE MATERIA - TERMINO TEMÁTICO |
| Término temático o nombre geográfico como elemento de entrada |
Cuentos mexicanos. |
| 650 14 - ASIENTO SECUNDARIO DE MATERIA - TERMINO TEMÁTICO |
| Término temático o nombre geográfico como elemento de entrada |
Ferrocarriles en la literatura. |
| 700 1# - ASIENTO SECUNDARIO - NOMBRE PERSONAL |
| Nombre personal |
Yanes Rizo, Emma, |
| Fechas asociadas con el nombre |
1961-, |
| Función o responsabilidad del autor |
comp. |
| 700 1# - ASIENTO SECUNDARIO - NOMBRE PERSONAL |
| Nombre personal |
Ramírez Garza, Doroteo, |
| Función o responsabilidad del autor |
coaut. |
| 700 1# - ASIENTO SECUNDARIO - NOMBRE PERSONAL |
| Nombre personal |
Vergara, Miguel, |
| Función o responsabilidad del autor |
coaut. |
| 700 1# - ASIENTO SECUNDARIO - NOMBRE PERSONAL |
| Nombre personal |
Caceles Zonino, Arnulfo, |
| Función o responsabilidad del autor |
coaut. |
| 942 ## - TIPO DE MATERIAL (KOHA) |
| Tipo de Item KOHA |
Libro |